The Grand Design - Terraria Crafting Tree - Statistics

General Stats
  • This quiz has been taken 8 times
  • The average score is 9 of 10
Answer Stats
Item % Correct
Blue Wrench
100%
Green Wrench
100%
Red Wrench
100%
Wire (×60)
100%
Wire Cutter
100%
Yellow Wrench
100%
Mechanical Ruler
86%
The Grand Design
86%
Mechanical Lens
71%
Multicolor Wrench
71%
No matching quizzes found
Score Distribution
Percent of People with Each Score
Percentile by Number Answered
Your Score History
You have not taken this quiz